00343nam a22001097a 4500008004100000020001500041082001900056100005100075245003700126260006100163300000900224230703b xxu||||| |||| 00| 0 eng d a0621299200 a351.72968bRSA cDepartment of Finance Republic of South Africa aNational Expenditure Survey 2000 bDepartment of Finance Republic of South Africacfeb 2000 a300p